Statistics for Arithmetic Challenge Chain #1

Click here to take the quiz!

General Stats

  • This quiz has been taken 694 times
  • The average score is 8 of 10

Answers on the Map

Answers color-coded by a green-red scale on the quiz's map according to % correct below.
 

Answer Stats

OperationNumber% Correct
Subtract 366
100%
Multiply by ½33
93%
Divide by 113
91%
Add 1013
90%
Square it169
73%
Subtract 29140
70%
Add 4144
68%
Divide by 1212
66%
Multiply by 784
58%
Halve it42
51%

Score Distribution

Percentile by Number Answered

Percent of People with Each Score

Your Score History

You have not taken this quiz